Conceptual change in childhood
Αποθηκεύτηκε σε:
| Κύριος συγγραφέας: | |
|---|---|
| Μορφή: | Βιβλίο |
| Γλώσσα: | English |
| Δημοσίευση: |
Cambridge :
MIT Press,
1985
|
| Σειρά: | MIT Press series in learning, development, and conceptual change
|
| Θέματα: | |
| Ετικέτες: |
Προσθήκη ετικέτας
Δεν υπάρχουν, Καταχωρήστε ετικέτα πρώτοι!
|
MARC
| LEADER | 00000nam a2200000 i 4500 | ||
|---|---|---|---|
| 001 | 1/80701 | ||
| 008 | 960611s1985 eng d | ||
| 020 | |a 0-262-53073-2 | ||
| 035 | |a 1988 |b 3 |c Αγορά/Αφένδρας |l 10033511 | ||
| 040 | |a GR-MY-UA |b gre |e aacr | ||
| 041 | 0 | |a eng | |
| 082 | 0 | |a 155.413 | |
| 100 | 1 | |a Carey, Susan. | |
| 245 | 1 | 0 | |a Conceptual change in childhood / |c Susan Carey |
| 260 | |a Cambridge : |b MIT Press, |c 1985 | ||
| 300 | |a 226 p. | ||
| 490 | 1 | |a MIT Press series in learning, development, and conceptual change | |
| 650 | 0 | 0 | |a Cognition in children. |
| 830 | 0 | |a MIT Press series in learning, development, and conceptual change | |
| 852 | |a INST |b RHODES |e 19960611 |h 155.413 CAR |p 005400003622 |q 005400003622 |t BK |y 0 | ||
| 909 | |a Ρ |b 011882 |c 1988 | ||